000 00853nas a2200277 4500
001 BR2014006771
003 BR-BrBNA
005 20231205124657.0
007 ta
008 230509b bl.|||p| |||| 00| 00por d
040 _aBR-BrBNA
_bpor
_cBiblioteca Nacional de Agricultura
041 _a(Pt)
072 _aP40; F01; F06
100 1 _aSouza, Cl.B. de
100 1 _aSilva, B.B. da
100 1 _aAzevedo, P.V. de
100 1 _aSilva, V. de P.R. da
245 1 _aFluxos de energia e desenvolvimento da cultura do abacaxizeiro
650 _aANANAS COMOSUS
650 _aCALOR
650 _aIRRIGAÇÃO
650 _aRADIAÇÃO
773 0 _tRevista Brasileira de Engenharia Agrícola e Ambiental (Brazil)
_xISSN 1415-4366
_g(Apr 2008), V. 12(4) p. 400-407
_wBR2014006771
909 _a202311
_bLúcia
_c55
_dLúcia Elande
942 _2AGRIS
_n0
_cANA
999 _c240331
_d240331